| 000 | 00988nam a2200289Ia 4500 | ||
|---|---|---|---|
| 003 | EC-GqESP | ||
| 005 | 20251105134131.0 | ||
| 008 | 250425s9999 xx 000 0 und d | ||
| 010 | _a2863 | ||
| 020 | _a9688808016 | ||
| 041 | _aspa | ||
| 082 |
_a620.112 _pMOT |
||
| 100 | _aMOTT, ROBERT L. | ||
| 245 | 0 | _aRESISTENCIA DE MATERIALES APLICADA | |
| 250 | _a3A ED. | ||
| 260 | _aMEXICO | ||
| 260 |
_aMéxico _bPRENTICE-HALL _c1996 |
||
| 300 | _a640 | ||
| 500 | _aTítulo Traducido: APPLIED STRENGTH OF MATERIALS | ||
| 520 | _aPROPORCIONA UNA COBERTURA AMPLIA Y PROFUNDA DE LOS TEMAS MAS IMPORTANTES EN RESISTENCIA DE MATERIALES, CON UN ENFASIS EN APLICACIONES, SOLUCION DE PROBLEMAS DE DISEÑO DE MIEMBROS ESTRUCTURALES, DISPOSITIVOS MECANICOS Y SISTEMAS. ADEMAS TRATA SOBRE LA ESTA | ||
| 650 | _aDEFORMACIONES (MECANICA) | ||
| 650 | _aESFUERZO (MECANICA) | ||
| 650 | _aRECIPIENTES A PRESION | ||
| 650 | _aRESISTENCIA DE MATERIALES | ||
| 650 | _aVIGAS | ||
| 942 | _c01 | ||
| 999 |
_c194423 _d194423 |
||